000 01347nam a2200313 i 4500
001 768714001
003 CO-MdFUSB
005 20231006082221.0
008 230925t20022002ag ||||g |||| 00| 0 spa d
020 _a0989506830975
040 _aCO-MdFUSB
_bspa
_cCO-MdFUSB
_dCO-MdFUSBC
_erda
041 _aspa
082 _223
_a253.5
_bC735
245 1 _aCómo pastorear a los hermanos sin trabajo
_b : desafío para la iglesia
_c/ prólogo por Mariani Eduardo
264 1 _aArgentina :
_bEdiciones Certeza,
_c[2002]
264 4 _c©2002
300 _a176 páginas
_c; 20 cm.
336 _2rdacontent
_atexto
_btxt
337 _2rdamedia
_asin mediación
_bn
338 _2rdacarrier
_avolumen
_bnc
490 _aserie diálogo
504 _aIncluye bibliografía (páginas 175-176)
505 _aI. Trabajo y desocupación en la biblia -- II. Temores y esperanza -- III. ¿Cómo responde la iglesia? -- IV. Pautas para la tarea pastoral -- V. Como acompañar a la familia en crisis -- VI. No estamos solos -- VII. Obediente, trabajador... y en serios problemas -- Apéndices: panorama laboral -- estudios bíblicos -- propuestas para grupos -- mensaje a la nación -- notas -- bibliografía.
563 _aRústico
650 0 _9228
_aConsejería pastoral
700 _98490
_aMariani, Eduardo,
_eprologuista
942 _cBK
945 _asor1564
999 _c69041
_d69041